000 00427nam a22001817a 4500
003 MPLRDC
005 20220104144114.0
008 210129b ||||| |||| 00| 0 eng d
082 _a177.2 HM
100 _a寒梅
245 _a心灵之旅
_c
250 _a初版
260 _a
_b光华日报
_c2000
300 _b
490 _a打开心窗系列. 1
650 _a应用心理学--成功法
942 _cBK
_o177.2 HM
999 _c46420
_d46410